000 00583nam a2200205Ia 4500
003 OSt
005 20251003124539.0
008 221004b |||||||| |||| 00| 0 eng d
020 _a0670698016
037 _cTB
040 _aCRL
_cCRL
_beng
041 _2eng
_aeng
084 _aO111,2N15:g L8
_qCRL
245 0 _aTheater essays of Arthu Miller Edited by Robert A. Martin
260 _aNew York
_bViking Press USA
_c1978
300 _a401p.
_ccm.
650 _aENGLISH LITERATURE
_9847292
942 _hO111,2N15:g L8
_cTB
_2CC
_n0
999 _c1000033
_d1000033